Analýza optických vlastností nízkodimenzionálnych heteroštruktúr na báze nateriálov AlAs/GaAS

Uložené v:
Podrobná bibliografia
Hlavný autor: Pudiš, Dušan (Autor)
Médium: Rukopis Kniha
Jazyk:Slovak
Vydavateľské údaje: Bratislava : STU v Bratislave FEI, 2000
Predmet:
Tagy: Pridať tag
Žiadne tagy, Buďte prvý, kto otaguje tento záznam!

MARC

LEADER 00000ntm a22000003a 4500
001 stu57321
005 20160719164819.4
008 010313s2000------------------------slo-d
040 |a STU  |b slo 
041 0 |a slo 
100 1 |a Pudiš, Dušan  |4 aut 
245 1 |a Analýza optických vlastností nízkodimenzionálnych heteroštruktúr na báze nateriálov AlAs/GaAS 
260 |a Bratislava :  |b STU v Bratislave FEI,  |c 2000 
300 |a 47 s 
650 7 |a elektronika  |2 stusub